[Event "IECC M email"]
[Site "IECC email"]
[Date "1999.06.09"]
[Round "?"]
[White "Haasnoot, Jan"]
[Black "Bass, Stanley"]
[Result "1-0"]
[WhiteElo "1605"]
[BlackElo "1684"]
[PlyCount "93"]
[EventDate "1999.??.??"]
[EventType "tourn (corr)"]
[EventRounds "6"]
[SourceTitle "Corr 2008"]
[Source "ChessBase"]
[SourceDate "2008.06.24"]
[SourceVersion "1"]
[SourceVersionDate "2008.06.24"]
[SourceQuality "1"]

1. d4 Nf6 2. Nf3 d5 3. Bf4 Bf5 4. e3 e6 5. Nbd2 Be7 6. c3 0-0 7. Ne5 Nbd7 8. g4 Be4 9. f3 Bg6 10. h4 h6 11. Nxg6 fxg6 12. Qc2 Ne8 13. g5 hxg5 14. hxg5 Bxg5 15. Qxg6 Bxf4 16. Bd3 Nef6 17. exf4 Re8 18. Kf2 Nf8 19. Qg3 Qe7 20. Rh2 g6 21. Rg1 Qg7 22. Rhg2 Kf7 23. Bxg6+ Nxg6 24. f5 exf5 25. Qxc7+ Re7 26. Rxg6 Qxg6 27. Qxe7+ Kxe7 28. Rxg6 Rg8 29. Rxg8 Nxg8 30. Kg3 Kf6 31. a4 Ne7 32. f4 Ke6 33. Nf3 Nc8 34. Ne5 Nd6 35. Kh4 b6 36. Kh5 Ne4 37. Kg6 Nf2 38. b3 Nh3 39. Nd3 Ng1 40. Nc1 Nf3 41. Ne2 Nh4+ 42. Kg7 Ng2 43. Kf8 Ne1 44. Ke8 Nf3 45. Kd8 Nd2 46. b4 Nc4 47. Kc7 1-0